Music Quiz

Random Music or Song Quiz

Best and Worst Radiohead Songs by Album Quiz Stats

 Plays Quiz not verified by Sporcle

Challenge
Share
Tweet
Embed
Score 0/20 Timer 03:00
0 Plays Today
% Correct
1. Creep
95.6%
1. Karma Police
88%
1. High and Dry
80.4%
11. The Tourist
77.2%
1. Everything in Its Right Place
76.8%
1. Pyramid Song
76%
1. Lotus Flower
72%
1. Burn the Witch
69.6%
1. There, There
67.6%
12. Sulk
60.4%
% Correct
1. Weird Fishes/Arpeggi
58.4%
10. Faust Arp
57.2%
10. In Limbo
54.8%
8. Feral
49.6%
1. True Love Waits
45.9%
12. I Can't
38.8%
11. Tinker Tailor Soldier Sailor Rich Man Poor Man Beggar Man Thief
36.8%
14. The Gloaming
32%
11. Dollars & Cents
29.2%
8. Dollars & Cents
21.6%

You're not logged in!

Compare scores with friends on all Sporcle quizzes.
OR
Log In

You Might Also Like...

Show Comments

Extras

Top Quizzes Today


Score Distribution

Your Account Isn't Verified!

In order to create a playlist on Sporcle, you need to verify the email address you used during registration. Go to your Sporcle Settings to finish the process.

Report this User

Report this user for behavior that violates our Community Guidelines.

Details: